Encuentros inciertos: globalización y territorios locales en Centroamérica /
में बचाया:
| मुख्य लेखक: | |
|---|---|
| निगमित लेखक: | |
| अन्य लेखक: | , , |
| स्वरूप: | अज्ञात |
| प्रकाशित: |
San José:
FLACSO. Programa Costa Rica
|
| विषय: | |
| टैग: |
टैग जोड़ें
कोई टैग नहीं, इस रिकॉर्ड को टैग करने वाले पहले व्यक्ति बनें!
|
MARC
| LEADER | 00000 a2200000 04500 | ||
|---|---|---|---|
| 001 | 11618 | ||
| 003 | |||
| 008 | 991231s d | ||
| 040 | |||
| 090 | |a 140204 | ||
| 100 | |a Pérez Sáinz, Juan Pablo | ||
| 110 | |a FLACSO. Programa Costa Rica | ||
| 245 | |a Encuentros inciertos: globalización y territorios locales en Centroamérica / |c Juan Pablo Pérez Sáinz | ||
| 260 | |a San José: |b FLACSO. Programa Costa Rica | ||
| 300 | |a 273 p. | ||
| 650 | |a DESARROLLO LOCAL | ||
| 650 | |a DESARROLLO REGIONAL | ||
| 650 | |a CRECIMIENTO ECONOMICO | ||
| 650 | |a MIGRACION INTERNACIONAL | ||
| 650 | |a MIGRACION LABORAL | ||
| 650 | |a EMIGRACION | ||
| 650 | |a MIGRACION LABORAL | ||
| 700 | |a Rivera Araya, Roy | ||
| 700 | |a Cordero Ulate, Allen | ||
| 700 | |a Morales Gamboa, Abelardo | ||
| 999 | |c 16193 |d 16193 | ||
